000 01117nam a22002417a 4500
005 20100723100918.0
010 _aHIN-89804
020 _c120.00
_a9788189206192
035 _aHN-62150
037 _bDBAD/PUB
082 _a
100 _aशर्मा, गिरिधर प्रसाद
_91076
245 _aआकांक्षाः
_cगिरिधर प्रसाद शर्मा
_bएक सामाजिक उपन्यास /
246 _aAkansha
_bby Girdhar Prasad Sharma
260 _aइलाहाबाद
_bविनायक पब्लिकेशन्स
_c2010
270 _a53/50, चाहचन्द, (जीरो रोड)
_bइलाहाबाद
_e211003
300 _a88पृ.
_c22सेमी (सजिल्द)
650 _aहिन्दी कथा साहित्य
_9657
650 _aHindi Fiction
_923951
700 _91006
942 _2ddc
_cHN
_h
_mशर्मागि
999 _c37453
_d37453